logo

Bir Sreshtho Munshi Abdur Rouf Library
Jhenaidah Cadet College

Programmed topics in statics and strength of materials / (Record no. 8723)

MARC details
000 -LEADER
fixed length control field 00824nam a2200265 a 4500
001 - CONTROL NUMBER
JCCL Control Number 8723
003 - CONTROL NUMBER IDENTIFIER
JCCL marc code BD-JhCC
005 - DATE AND TIME OF LATEST TRANSACTION
control field 20181001173749.0
008 - FIXED-LENGTH DATA ELEMENTS--GENERAL INFORMATION
fixed length control field 180301s1966 nyua 000 0 eng d
035 ## - SYSTEM CONTROL NUMBER
system control number (BD-JhCC)8723
035 ## - SYSTEM CONTROL NUMBER
system control number (OCoLC)561501
040 ## - CATALOGING SOURCE
Original cataloging agency BD-JhCC
Transcribing agency ODaWU
Modifying agency BD-JhCC
-- DLC
041 ## - LANGUAGE CODE
Language code of Book eng
050 00 - LIBRARY OF CONGRESS CALL NUMBER
Classification number TA350.7
Item number .P55
082 ## - DEWEY DECIMAL CLASSIFICATION NUMBER
Classification number 620.11
Author mark and Year PLA 1966
100 1# - MAIN ENTRY--PERSONAL NAME
Personal name Plants, Helen Lester.
245 10 - TITLE STATEMENT
Title Programmed topics in statics and strength of materials /
Statement of responsibility, etc Helen Lester Plants [and] Russell Rex Haynes.
260 ## - PUBLICATION, DISTRIBUTION, ETC. (IMPRINT)
Place of publication, distribution, etc New York,
Name of publisher, distributor, etc McGraw-Hill
Date of publication, distribution, etc [1966]
300 ## - PHYSICAL DESCRIPTION
Pagination xii, 178 p.
Other physical details illus.
Dimensions 23 cm.
650 #0 - SUBJECT ADDED ENTRY--TOPICAL TERM
Topical term or geographic name as entry element Statics
General subdivision Problems, exercises, etc.
650 #0 - SUBJECT ADDED ENTRY--TOPICAL TERM
Topical term or geographic name as entry element Strength of materials
Form subdivision Problems, exercises, etc.
700 1# - ADDED ENTRY--PERSONAL NAME
Personal name Haynes, Russell Rex,
942 ## - ADDED ENTRY ELEMENTS (KOHA)
Source of classification or shelving scheme Dewey Decimal Classification
Koha item type Books
Holdings
Source of classification or shelving scheme Damaged status Not for loan Home library Current library Shelving location Source of acquisition Total Checkouts Full call number Barcode Date last seen Copy number Koha item type
Dewey Decimal Classification     JCC Rouf Library JCC Rouf Library General Stacks Asia Foundation   620.11 PLA 1966 11141 03/01/2018 C-1 Books

JCC Library | Contacts | JCC Home

Last Update on 23 September 2017
Copyright @ 2017-2020 JCC Rouf Library
Rouf Library, Jhenidah Cadet College (JCC), Bangladesh